| 000 | 00679nam a2200241Ia 4500 | ||
|---|---|---|---|
| 003 | OSt | ||
| 005 | 20220928104226.0 | ||
| 006 | a|||||r|||| 00| 0 | ||
| 007 | ta | ||
| 008 | 220927b |||||||| |||| 00| 0 eng d | ||
| 024 | _a50153 | ||
| 037 | _cTextual | ||
| 040 |
_aSDCL _cSDCL _beng |
||
| 041 |
_2eng _aeng |
||
| 082 | _aO152,3vN3, K7 | ||
| 100 |
_aAggarwal Sharda _9409730 |
||
| 245 | 0 | _aDwivediyugeen hindi upanyas. | |
| 260 |
_aLuchnow _bVishwa Vidhyalaya Hindi Prakashan _c1967 |
||
| 300 |
_a273p. _ccm. |
||
| 490 | _aSeth Bhola ram sekhsaria smarak granthmala | ||
| 942 |
_hO152,3vN3, K7 _cTEXL _2CC |
||
| 999 |
_c725294 _d725294 |
||